Is planning up to it? (Record no. 73708)

MARC details
000 -LEADER
fixed length control field 01279cam a2200241 4500
001 - CONTROL NUMBER
control field ABS67183
008 - FIXED-LENGTH DATA ELEMENTS--GENERAL INFORMATION
fixed length control field 031029n2003 000 0 eng u
035 ## - SYSTEM CONTROL NUMBER
System control number (Sirsi) u124175
100 ## - MAIN ENTRY--PERSONAL NAME
Personal name Rydin, Y.
245 ## - TITLE STATEMENT
Title Is planning up to it?
260 ## - PUBLICATION, DISTRIBUTION, ETC.
Date of publication, distribution, etc. 2003
490 ## - SERIES STATEMENT
Series statement Town & Country Planning
Volume/sequential designation 72(9) October 2003, 278-279(2)
520 ## - SUMMARY, ETC.
Summary, etc. Questions whether the current British planning system is up to delivering sustainable development summarising research completed for an RICS Foundation paper "In pursuit of sustainable development: rethinking the planning system". Concludes that due to the complex nature of sustainable development policy it would be simpler and more relevant for the planning system to aim for environmental sustainability rather than sustainable development. Although this may seem more limiting it would work well in implementing environmental justice in planning decisions and weighing up the pros and cons of development.
590 ## - LOCAL NOTE (RLIN)
Local note ABS
650 ## - SUBJECT ADDED ENTRY--TOPICAL TERM
Topical term or geographic name entry element UNITED KINGDOM
650 ## - SUBJECT ADDED ENTRY--TOPICAL TERM
Topical term or geographic name entry element PLANNING SYSTEM
650 ## - SUBJECT ADDED ENTRY--TOPICAL TERM
Topical term or geographic name entry element SUSTAINABLE DEVELOPMENT
650 ## - SUBJECT ADDED ENTRY--TOPICAL TERM
Topical term or geographic name entry element ENVIRONMENTAL SUSTAINABILITY
650 ## - SUBJECT ADDED ENTRY--TOPICAL TERM
Topical term or geographic name entry element PLANNING DECISIONS
650 ## - SUBJECT ADDED ENTRY--TOPICAL TERM
Topical term or geographic name entry element ENVIRONMENTAL ISSUES
690 ## - LOCAL SUBJECT ADDED ENTRY--TOPICAL TERM (OCLC, RLIN)
Topical term or geographic name as entry element ENVIRONMENTAL AND LAND CONSULTANCY-PLANNING AND DEVELOPMENT
942 ## - ADDED ENTRY ELEMENTS (KOHA)
Suppress in OPAC 0
Holdings
Withdrawn status Lost status Source of classification or shelving scheme Damaged status Not for loan Home library Current library Shelving location Date acquired Total Checkouts Full call number Barcode Date last seen Copy number Price effective from Koha item type
    Dewey Decimal Classification     London London Journal article 29/10/2003   ABS67183 124175-1001 06/08/2019 1 06/08/2019 Journal article